| 000 | 01410nam a22002177a 4500 | ||
|---|---|---|---|
| 999 |
_c59420 _d59420 |
||
| 003 | Ge_BSU | ||
| 005 | 20230214170312.0 | ||
| 008 | 230214s2006 ge ||||| |||| 00| 0 geo d | ||
| 020 | _a9994058924 | ||
| 041 | _ageo | ||
| 080 | _a351.74 341.231.14](075) პ-56 | ||
| 245 |
_aპოლიცია და ადამიანის უფლებები : _bსახელმძღვ. მასწავლებლის ადამიანური რესურსების სპეციალისტებისა და ადამიანის უფლებათა პროგრამების მონაწილეთათვის / _c [თარგმანი: ნანა ჯაფარიძე-ჭყოიძე] ; შემდგ.: რალფ კროუშოუ ; [რედ.: გიორგი ჯოხაძე]. |
||
| 264 |
_aთბილისი : _b(შპს "სეზანი") _c [2006]. |
||
| 300 |
_a271გვ. ; _b28სმ. |
||
| 504 | _a ბიბლიოგრ. ტექსტ. შენიშვნ. | ||
| 653 | _aპოლიცია | ||
| 653 | _aადამიანის ძირითადი უფლებები | ||
| 700 |
_aკროუშოუ, რალფ _eშემდგენელი _916909 |
||
| 700 |
_aჯოხაძე, გიორგი _eრედაქტორი _916910 |
||
| 942 |
_2udc _cBK |
||